| 000 | 00941cad a22002295a 4500 | ||
|---|---|---|---|
| 001 | E147832 | ||
| 008 | 090122s2009 xxkad f s 000 0 eng d | ||
| 035 | _a(Sirsi) u147832 | ||
| 041 | 0 | _aeng | |
| 050 | 0 | 4 | _a333.33 $2 18 |
| 110 | 2 |
_aCB Richard Ellis _93675 |
|
| 245 | 0 | 0 |
_aCEE property investment market view _bJune 2009 _h[electronic resource] |
| 260 |
_a[S.l.] _bCBRE _c2009 |
||
| 490 | 0 | _aCB Richard Ellis CEE Property Investment Market View | |
| 520 | _aReports that most investment activity is taking place in the office market, with the retail and industrial sectors lagging behind. Includes figures for deal volumes and number of transactions | ||
| 590 | _aKA | ||
| 650 | 2 | 4 | _aCB RICHARD ELLIS CEE PROPERTY INVESTMENT MARKET VIEW |
| 651 | 4 | _aEurope | |
| 690 | _aPROPERTY-COMMERCIAL PROPERTY-COMMERCIAL PROPERTY MARKET | ||
| 856 | 4 | 0 |
_uhttps://www.cbre.co.uk _zView the report free of charge at www.cbre.co.uk... |
| 942 | _n0 | ||
| 999 |
_c109742 _d109742 |
||